A cabeça cheia de perguntas (Registo nº 1004)

Detalhes MARC
000 -Etiqueta do registo
Cabeçalho 01252nlm0a2200385 4500
005 - Identificador da versão
Campo de controlo 20240813121821.0
035 ## - Other System Control Numbers
System Control Number 0001069
System Control Number 0001052
071 0# - Número do editor (registos sonoros e música) 
Número do editor 11322/07
100 ## - Dados gerais de processamento
Dados gerais de processamento 20091216d2007 a y0pory5003 ba
102 ## - Pais de publicação ou produção
País de publicação Portugal
101 0# - Língua de publicação
Língua do texto, banda sonora, etc. Inglês
Língua das legendas Português
115 ## - Campo de dados codificados: Projecções Visuais, Filmes e Vídeos
Dados modificados - geral a20 bbzzzbz ezxxc
215 ## - Descrição física 
Indicação específica da natureza do documento e extensão da espécie 1 DVD (PAL 2) ( 20 min.)
Outras indicações físicas col., son.
Dimensões 12 cm
200 1# - Titulo e menção de responsabilidade
Título próprio A cabeça cheia de perguntas
Indicação geral da natureza do documento Documento electrónico
Primeira menção de responsabilidade real. Moira Simpson
Outras menções de responsabilidade texto John Carrol
225 2# - Colecção 
Título próprio da colecção Crescer
210 ## - Publicação, Distribuição, etc. 
Lugar da edição, distribuição, etc. PT
Nome do editor, distribuidor, etc. Flaminia (Editor)
Data da publicação, distribuição, etc. 2007
323 ## - Nota ao elenco (material de projecção e video de registos sonoros) 
Texto da nota Elenco: Barbara Duncan, Blu Mankuma
314 ## - Notas relativas a responsabilidade intelectual 
Texto da nota Baseado no livro de:
322 ## - Nota aos responsáveis artísticos e técnicos (material de projecção e video e registos sonoros) 
Texto da nota Créditos: Produção : Office National du Film du Canada
305 ## - Notas relativas à edição e história bibliográfica da publicação 
Texto da nota Realizado em:
333 ## - Nota relativa aos potenciais utilizadores
Texto da nota Classificação: Para maiores de 9 anos - Filme de qualidade
330 ## - Sumário ou Resumo
Texto da nota Resumo:
327 1# - Nota de conteúdo 
Texto da nota Conteúdo: Filme, Trailer, Documentário "Em filmagens", Entrevistas; Legendas: português; Idioma: inglês;
606 ## - Nome comum usado como assunto
Número de registo de entrada de autoridade 0001353
Palavra de ordem Documentário
610 2# - Termos de indexação não controlados
Subject Term DVD cinema
675 ## - Classificação Decimal Universal (CDU)
Notação 086.8
Edição BN
Língua da edição por
686 ## - Outras classificações numéricas
Notação 767
Código FIAF
702 #1 - Nome de autor-pessoa física (responsabilidade secundária)
Número de registo de entrada de autoridade 0001356
Palavra de ordem Simpson
Outra parte do nome não tomada para palavra de ordem Moira
Código de função Diretor / Director teatral / Realizador
942 ## - Elementos de entrada adicionados (Koha)
Tipo de item no Koha Livro
Exemplares
Situação do levantamento Origin of item (home branch) (coded) Biblioteca de empréstimo Código de barras Cota Circulation type (not for loan) Tipo de documento Nota do exemplar Damaged status
  Biblioteca Escolar Eng. Nuno Mergulhão Biblioteca Escolar Eng. Nuno Mergulhão BENM1758 1758 DVD   DVD Sem mensagem